Měřické práce na stavbách : II.díl : Měřická praxe

Saved in:
Bibliographic Details
Main Authors: Staněk, Václav (Author), Svoboda, Jaroslav (Author)
Format: Book
Language:Czech
Published: Praha : SNTL, 1974
Edition:2.vyd.
Tags: Add Tag
No Tags, Be the first to tag this record!

MARC

LEADER 00000nam a22000003a 4500
001 stu138763
005 20150617225923.2
008 070309s1974----cs------------------cze-d
040 |a STU  |b slo 
041 0 |a cze 
044 |a cs 
080 |a 624.41:528.4 
100 1 |a Staněk, Václav  |4 aut 
245 1 |a Měřické práce na stavbách :  |b II.díl : Měřická praxe 
250 |a 2.vyd. 
260 |a Praha :  |b SNTL,  |c 1974 
300 |a 268 s.;obr.,tab.,schémy 
700 1 |a Svoboda, Jaroslav  |4 aut 
996 |b 284V026989  |c V*8292/O-999a  |l VVT  |s A  |a 24  |w stu138763_0001